000 01113nam0a22003011 4500
001 rc\2324978
005 20250623075448.0
035 _a(NLR Aleph) 006674681
090 _a5021679
_c5021679
100 _a20110829d1977 |||y0rusy50 ca
101 0 _arus
102 _aRU
105 _aa z |||||
200 1 _aГрафики нагрузок дуговых электропечей
_fР.В. Минеев, А.П. Михеев, Ю.Л. Рыжнев
210 _aМосква
_cЭнергия
_d1977
215 _a119 с.
_cил.
_d20
320 _aСписок лит.: с. 116-118 (30 назв.)
606 _aСталеплавильные печи, электрические
_xРежим работы
_2rkp
700 1 _aМинеев
_bР.В.
_gРоберт Викторович
701 1 _aМихеев
_bА.П.
_gАнатолий Петрович
701 1 _aРыжнев
_bЮ.Л.
_gЮрий Леонидович
801 0 _aRU
_bNLR
_gpsbo
801 1 _aRU
_bELAR
_2rusmarc
852 _aNLR
_j77-3/7868
899 _aRuMoRGB
_jБ 77-25/736
899 _aRuMoRGB
_jБ 77-25/737
942 _cBOOK
980 _aNB